LEADER 00801nam0-22002411i-450- 001 990001210550403321 035 $a000121055 035 $aFED01000121055 035 $a(Aleph)000121055FED01 035 $a000121055 100 $a20000920d1980----km-y0itay50------ba 101 0 $aeng 200 1 $aBiological growth and spread$eMathematical Theories and Applications. Proceedings of a Conference held at Heidelberg July 16-21, 1979.$fby JAGER Willi. ROS T Hermann. TAUTU Petre. 210 $aBerlin [etc.]$cSpringer-Verlag$d1980. 225 1 $aLecture notes in biomathematics$v38 801 0$aIT$bUNINA$gRICA$2UNIMARC 901 $aBK 912 $a990001210550403321 952 $aC-15-(38$b6127$fMA1 959 $aMA1 996 $aBiological growth and spread$9343929 997 $aUNINA DB $aING01 LEADER 00798nam0-2200253 --450 001 9910838995403321 005 20240318122450.0 100 $a20240318d1979----kmuy0itay5050 ba 101 0 $aita 102 $aIT 105 $a 001yy 200 1 $aFrancesco Gabrieli e la storiografia arabo-islamica italiana$fFulvilo Tessitore 210 $a[s.l.$cs.n.]$d1979 215 $aP. 161-178$d23 cm 300 $aEstratto da: La Cultura, ann. 17., fasc. 1-2 (1979) 676 $a909.09767$v22 700 1$aTessitore,$bFulvio$f<1937- >$04713 801 0$aIT$bUNINA$gREICAT$2UNIMARC 901 $aLG 912 $a9910838995403321 952 $aDFT OPUSC. 17 (21)$b2024/2036$fFLFBC 959 $aFLFBC 996 $aFrancesco Gabrieli e la storiografia arabo-islamica italiana$94133971 997 $aUNINA